Sports Quiz

Random Sports Quiz

Name the Nets Quiz Stats

 Plays Quiz not verified by Sporcle

Support Sporcle.
Go Orange.
Score 0/100 Timer 07:00
0 Plays Today
% Correct
Devin Harris
95.9%
Brook Lopez
89.8%
Courtney Lee
71.4%
Chris Douglas-Roberts
67.3%
Yi Jianlian
55.1%
Rafer Alston
46.9%
Josh Boone
44.9%
Bobby Simmons
42.9%
% Correct
Terrence Williams
40.8%
Sean Williams
38.8%
Keyon Dooling
36.7%
Trenton Hassell
34.7%
Tony Battie
30.6%
Jarvis Hayes
26.5%
Eduardo Najera
22.4%

You're not logged in!

Compare scores with friends on all Sporcle quizzes.
OR
Log In

From the Vault

Presidential Match: Swapped First Letter

by joelorr

Most people don't know about the real first POTUS - Weorge Gashington
Remove Ads.
Support Sporcle.
Get the best of Sporcle when you Go Orange. This ad-free experience offers more features, more stats, and more fun while also helping to support Sporcle. Thank you for becoming a member.

Show Comments

Extras

Created Oct 4, 2009SourceReportNominate
Tags:net

Top Quizzes Today


Score Distribution

Your Account Isn't Verified!

In order to create a playlist on Sporcle, you need to verify the email address you used during registration. Go to your Sporcle Settings to finish the process.

Report this User

Report this user for behavior that violates our Community Guidelines.

Details: